00416nam a2200121Ia 4500008004100000024003000041082001700071100004200088245008000130260002500210600002100235650003800256250506s9999 xx 000 0 und d a12B-86-BS & 12B-85-BS a005.1072 FAI aFaizie Haroon & Fatima Tourifa Haroon 0aSchool System Integration Science (e-falcon educational system) (code book) aKarachi:bUIT,c2012 aComputer Science aBachelor of Computer Science (BS)